00603nam a2200169 i 450000100060000000300090000600500170001500700030003200800410003510000480007624500690012426000370019330000340023085200310026499900170029595201210031234587ES-MaACL20250921063023.0t|030207s1978 sp ||||1| spa d1 aBlázquez, José María, d1926-914191510aHistoria económica de la Hispania romana / cJ. M. Blázquez. aMadrid : bCristiandad, c[1978] a524 p., 140 lám. ; c21 cm. aES-MaACLjA-9986 bR.99040 c34587d34587 00104070aATENEOMbATENEOMcDEPO1d2008-01-17eSCl0oA-9986p1036075r2023-02-23 00:00:00w2023-02-23yMONOGRAFIA